| 000 | 00679nam a2200181 a 4500 | ||
|---|---|---|---|
| 020 | _a8120402510 : | ||
| 082 | 0 | 0 |
_a621.252 _bSRI _cL-23, P-63 |
| 100 | 1 |
_aSrivastava, Uma K. _941096 |
|
| 245 | 1 | 0 |
_aWind energy for water pumping, from policy to action : _ban evaluation of progress in Gujarat / _cU.K. Srivastava, Girja Sharan. |
| 260 |
_aNew Delhi : _bOxford & IBH Pub. Co., _cc1987. |
||
| 300 |
_ax, 83 p. : _bill., maps ; _c22 cm. |
||
| 526 |
_a0 _b0 _c0 _d621_252000000000000_SRI |
||
| 650 | 0 |
_aMCE _9379 |
|
| 650 | 0 |
_aPumping stations _zIndia _zGujarat _xPower supply. _941097 |
|
| 650 | 0 |
_aWind power _zIndia _zGujarat. _941098 |
|
| 700 | 1 |
_aSharan, Girja. _941099 |
|
| 942 |
_2ddc _cBK |
||
| 999 |
_c545292 _d545292 |
||